[Event "Harrogate 4NCL op-C 27th"]
[Site "Harrogate"]
[Date "2022.01.22"]
[Round "3"]
[White "Mildenhall, Steven"]
[Black "Egan, William J"]
[Result "1-0"]
[WhiteElo "1386"]
[BlackElo "1599"]
[PlyCount "47"]
[EventDate "2022.01.21"]
[EventType "swiss"]
[EventRounds "5"]
[EventCountry "ENG"]
[SourceTitle "CBM 206 Extra"]
[Source "ChessBase"]
[SourceDate "2022.03.31"]
[SourceVersion "1"]
[SourceVersionDate "2022.03.31"]
[SourceQuality "1"]

1. c4 c6 2. d4 d5 3. cxd5 cxd5 4. Nc3 e6 5. Bf4 Bd6 6. Bg3 a6 7. e3 Nf6 8. Bd3 Nc6 9. a3 0-0 10. Nf3 Qc7 11. Rc1 Bxg3 12. hxg3 Qd6 13. e4 dxe4 14. Nxe4 Nxe4 15. Bxe4 f5 16. Bxc6 bxc6 17. Ne5 Bb7 18. 0-0 Rad8 19. Qb3 Rb8 20. Rc5 Rf6 21. Qc3 Rd8 22. Rd1 Rh6 23. Nxc6 Bxc6 24. Rxc6 1-0